000 00449nam a2200169 i 4500
001 60309
003 ES-MaACL
005 20230906164215.0
007 t|
008 031104s1906 mx ||||1| spa d
100 1 _aEscofet, José.
_947582
245 1 0 _aCepas y olivos
_b: (novela) /
_cJosé Escofet.
250 _a[1ª ed.].
260 _aMéxico :
_b[s.n.,
_c1906] (
_fTip. Trenes Paz)
300 _a483 p. ;
_c16 cm.
852 _aES-MaACL
_jD-357
999 _c60309
_d60309